Capital and Country Sets by Last 2 Letters #4 - Statistics

General Stats
  • This quiz has been taken 35 times
  • The average score is 10 of 20
Answer Stats
Capital Ending Country Ending Capital and Country % Correct
-RO, -PT Cairo, Egypt
89%
-EN, -RK Copenhagen, Denmark
84%
-KI, -ND Helsinki, Finland
84%
-EB, -IA Zagreb, Croatia
68%
-UI, -IC Bangui, Central African Republic
63%
-NA, -AD N'Djamena, Chad
63%
-SA, -GO Kinshasa, DRC
58%
-OU, -SO Ouagadougou, Burkina Faso
58%
-TI, -TI Djibouti, Djibouti
47%
-GA, -DI Gitega, Burundi
47%
-NI, -OS Moroni, Comoros
47%
-NG, -NA Beijing, China
42%
-LE, -GO Brazzaville, Congo
42%
-NA, -BA Havana, Cuba
42%
-LI, -OR Dili, East Timor
37%
-BO, -EA Malabo, Equatorial Guinea
37%
-OR, -OR San Salvador, El Salvador
37%
-SI, -IA Tbilisi, Georgia
37%
-TA, -IA Bogota, Colombia
32%
-IA, -US Nicosia, Cyprus
11%
No matching quizzes found
Score Distribution
Percent of People with Each Score
Percentile by Number Answered
Your Score History
You have not taken this quiz